Squadre Emiliano-romagnole state in Serie B - Statistics

Statistiche generali
  • Questo quiz è stato fatto 49 volte
  • Il punteggio medio è 11 su 14
Statistiche sulle risposte
Partecipazioni Squadra % Corretto
52 Modena
100%
12 Bologna
97%
30 Parma
97%
18 Piacenza
97%
7 Ravenna
97%
32 Cesena
92%
9 Rimini
92%
36 Reggiana
89%
24 SPAL
89%
1 Forlì
87%
5 Sassuolo
87%
5 Carpi
74%
1 Centese
13%
1 Molinella
5%
Nessun quiz corrispondente trovato
Distribuzione punteggi
Percentuale di utenti per punteggio
Percentile per numero di risposta
I tuoi punteggi nel tempo
Non hai fatto questo quiz